The challenge of life: progreso biomédico y valores humanos
-д хадгалсан:
| Үндсэн зохиолч: | |
|---|---|
| Формат: | Ном |
| Хэл сонгох: | испани |
| Хэвлэсэн: |
Basilea
Roche
1972
|
| Нөхцлүүд: | |
| Шошгууд: |
Шошго нэмэх
Шошго байхгүй, Энэхүү баримтыг шошголох эхний хүн болох!
|
MARC
| LEADER | 00000nam a2200000 a 4500 | ||
|---|---|---|---|
| 001 | UCL4309 | ||
| 003 | CL-VaPUC | ||
| 008 | 040109e19720000SZ |||||||||||||||||spa|d | ||
| 082 | 0 | 4 | |a 501 |b JUN |2 21 |
| 100 | |a Jungk, Robert |e author |9 481799 | ||
| 245 | 1 | 4 | |a The challenge of life: progreso biomédico y valores humanos |
| 300 | |a 119 p | ||
| 942 | |c BK | ||
| 945 | |d 20040109 00:00:00 |a cmena | ||
| 260 | |a Basilea |b Roche |c 1972 | ||
| 650 | 0 | |a Filosofía de las ciencias |9 256466 | |
| 650 | 7 | |a FUTUROLOGIA |2 CL-VaPUC |9 328866 | |
| 650 | 0 | |a Ética |9 255099 | |
| 650 | 0 | |a Conducta humana |9 269906 | |
| 583 | |a last modification |c 20160307 12:59:27 |k Rodrigo Vera | ||
| 999 | |c 307185 |d 307183 | ||
| 952 | |0 0 |1 0 |4 0 |6 501_000000000000000_JUN_1972 |7 0 |8 A |9 372905 |a BIBTEO |b BIBTEO |d 2019-11-21 |i 3953106 |o 501 JUN 1972 |p 3953106 |r 2025-01-17 |w 2019-11-21 |y BK |k ICR | ||